| 000 | 00664pam a2200217 a 4500 | ||
|---|---|---|---|
| 001 | 1020271 | ||
| 005 | 20180109083359.0 | ||
| 008 | 880504s1988 dcua b 001 0 eng | ||
| 010 | _a 88015215 | ||
| 020 | _a030903826X | ||
| 040 |
_aDLC _cDLC _dDLC |
||
| 041 | _aeng | ||
| 080 | _a636.2142 HEM | ||
| 082 | 0 | 0 |
_a636.2142 HEM _219 |
| 100 | _a10 | ||
| 101 | _aNUT | ||
| 245 | 1 | 0 |
_aNutrient requirements of dairy cattle / _cSubcommittee on Dairy Cattle Nutrition, Committee on Animal Nutrition, Board on Agriculture, National Research Council. |
| 504 | _aBibliography: p. 116-117. | ||
| 906 |
_a7 _bcbc _corignew _d1 _eocip _f19 _gy-gencatlg |
||
| 942 |
_2ddc _cBK |
||
| 999 |
_c39958 _d39958 |
||